Указ и закон. Исследование

Bibliographic Details
Main Author: Коркунов Н. М. Николай Михайлович
Summary:Заглавие с титульного экрана
Электронная версия печатной публикации
Language:Russian
Published: СПб., Типография М. М. Стасюлевича, 1894
Subjects:
Online Access:http://www.lib.tpu.ru/fulltext/m/2009/consultant/korkunov_3.pdf
Format: Electronic Book
KOHA link:https://koha.lib.tpu.ru/cgi-bin/koha/opac-detail.pl?biblionumber=158183

MARC

LEADER 00000nlm0a2200000 4500
001 158183
005 20231101222022.0
035 |a (RuTPU)RU\TPU\book\171562 
090 |a 158183 
100 |a 20090420d1894 km y0rusy50 ca 
101 0 |a rus 
102 |a RU 
105 |a y z 001zy 
135 |a vrcn ---uucaa 
181 0 |a i  
182 0 |a b 
200 1 |a Указ и закон. Исследование  |b Электронный ресурс  |f Н. М. Коркунов 
203 |a Текст  |c электронный 
210 |a СПб.  |c Типография М. М. Стасюлевича  |d 1894 
230 |a 1 компьютерный файл (pdf; 110631 KB) 
300 |a Заглавие с титульного экрана 
300 |a Электронная версия печатной публикации 
337 |a Adobe Reader 
606 |a Административное право  |y Россия  |2 stltpush  |3 (RuTPU)RU\TPU\subj\1532  |9 30301 
610 1 |a законодательная власть 
610 1 |a исполнительная власть 
610 1 |a власть 
610 1 |a указы 
610 1 |a электронный ресурс 
686 |a Х621  |v LBC/SL-A  |2 rubbk 
700 1 |a Коркунов  |b Н. М.  |c российский юрист  |f 1853-1904  |g Николай Михайлович  |2 stltpush  |3 (RuTPU)RU\TPU\pers\13366  |9 4021 
801 1 |a RU  |b 63413507  |c 20090420  |g PSBO 
801 2 |a RU  |b 63413507  |c 20090522  |g PSBO 
856 4 |u http://www.lib.tpu.ru/fulltext/m/2009/consultant/korkunov_3.pdf 
942 |c CF